Statistics for Every GOTY Since 2004

Click here to take the quiz!

General Stats

  • This quiz has been taken 23 times
    (3 since last reset)
  • The average score is 3 of 20

Answer Stats

YearGame% Correct
2018God Of War
100%
2014Dragon Age: Inquisition
33%
2022Elden Ring
33%
2004Grand Theft Auto San Andreas
33%
2019Sekiro: Shadows Die Twice
33%
2011The Elder Scrolls V: Skyrim
33%
2023Baldur's Gate III
0%
2007Bioshock
0%
2020Ghost Of Tsushima
0%
2008Grand Theft Auto IV
0%
2013Grand Theft Auto V
0%
2021It Takes Two
0%
2010Red Dead Redemption
0%
2005Resident Evil 4
0%
2006The Elder Scrolls IV: Oblivion
0%
2017The Legend Of Zelda: Breath Of The Wild
0%
2012The Walking Dead
0%
2015The Witcher 3: Wild Hunt
0%
2009Uncharted 2: Among Thieves
0%
2016Uncharted 4: A Thief's End
0%

Score Distribution

Percentile by Number Answered

Percent of People with Each Score

Your Score History

You have not taken this quiz since the last reset